[Event "AUTO-ADV-1940"]
[Site "http://www.queenalice.com/game.php?id=847760"]
[Date "2010.10.18"]
[Round "1"]
[White "Puffer"]
[Black "windlazy"]
[Result "1-0"]
[WhiteElo "2001"]
[BlackElo "1901"]

1. e4 e5 2. Nf3 Nc6 3. Bb5 Qf6 4. Nc3 Nge7 5. d3 h6 6. Be3 a6 7. Bxc6 Nxc6 8.
Nd5 Qd6 9. Qd2 Nb4 10. Nc3 Be7 11. a3 Nc6 12. b4 Nd4 13. Bxd4 exd4 14. Nd5 f5
15. O-O fxe4 16. dxe4 c5 17. bxc5 Qxc5 18. Ne5 d6 19. Ng6 Rh7 20. Ngxe7 Be6 21.
Qf4 g5 22. Qf6 Bxd5 23. Nxd5 Rf7 24. Qe6+ Kf8 25. Qxh6+ Ke8 26. Qxg5 Kd7 27. Kh1
Raf8 28. f4 a5 29. a4 b6 30. Rab1 Rb8 31. Qg6 Ke8 32. Qg8+ Rf8 33. Qe6+ Kd8 34.
Qe7+ Kc8 35. Qxf8+ 1-0

[Event "AUTO-ADV-1940"]
[Site "http://www.queenalice.com/game.php?id=847761"]
[Date "2010.10.18"]
[Round "1"]
[White "windlazy"]
[Black "Puffer"]
[Result "1/2-1/2"]
[WhiteElo "1857"]
[BlackElo "2150"]

1. d4 Nf6 2. Nc3 g6 3. e4 d6 4. Nf3 Bg7 5. Bc4 O-O 6. Bf4 Nbd7 7. Qd2 c5 8. Bh6
cxd4 9. Nxd4 Bxh6 10. Qxh6 Ng4 11. Qh4 Nde5 12. Be2 e6 13. Qxd8 Rxd8 14. Bxg4
Nxg4 15. O-O Bd7 16. h3 Ne5 17. f4 Nc6 18. Ncb5 Nxd4 19. Nxd4 Rac8 20. c3 Rc4
21. Rfe1 b5 22. Rad1 a6 23. Rd3 Bc8 24. b3 Rc7 25. Kf2 Bb7 26. g4 e5 27. Nc2
exf4 28. h4 f6 29. Kf3 g5 30. hxg5 fxg5 31. Nd4 Bc8 32. Nf5 Bxf5 33. exf5 d5 34.
b4 Kf7 35. Re6 Ra7 36. Rd2 Rc7 37. Rd3 Ra7 38. Rc6 Ke7 39. Rh6 Kf8 40. Ke2 Re8+
41. Kf2 Rae7 42. Rd2 a5 43. bxa5 Rd7 44. Rb6 h5 45. gxh5 g4 46. a6 Rh7 47. h6
Rhe7 48. Re6 Rxe6 49. fxe6 Rxe6 50. Rxd5 Rxa6 51. Rf5+ Kg8 52. Rxf4 Rxa2+ 53.
Kg3 Ra3 54. Rxg4+ Kh7 55. Rg7+ Kxh6 56. Rc7 b4 57. Kf2 Ra2+ 58. Ke1 Ra1+ 59. Kd2
bxc3+ 60. Rxc3 Kg7 61. Rc6 Kh8 62. Rc7 Kg8 63. Kd3 Kh8 64. Ke4 Kg8 65. Kf5 Kh8
66. Kf6 Rf1+ 67. Kg6 Rg1+ 68. Kf6 Rf1+ 69. Kg6 Rg1+ 70. Kf6 Rf1+ 1/2-1/2

[Event "AUTO-ADV-1940"]
[Site "http://www.queenalice.com/game.php?id=847768"]
[Date "2010.10.18"]
[Round "1"]
[White "windlazy"]
[Black "carlos31"]
[Result "0-1"]
[WhiteElo "1862"]
[BlackElo "1859"]

1. e4 e5 2. Nf3 Nc6 3. Bb5 Nd4 4. Nxd4 exd4 5. O-O c6 6. Bc4 Bd6 7. Qf3 Qf6 8.
Qxf6 Nxf6 9. Re1 O-O 10. d3 b5 11. Bb3 Be5 12. Bg5 h6 13. Bh4 d6 14. Nd2 a5 15.
a3 Bb7 16. Nf3 a4 17. Ba2 Nd7 18. Nxe5 dxe5 19. Rf1 g5 20. Bg3 h5 21. h3 Kg7 22.
h4 g4 23. f4 gxf3 24. Rxf3 c5 25. Raf1 f6 26. Be6 Bc6 27. Kf2 Rae8 28. Ba2 Kg6
29. Bh2 f5 30. exf5+ Rxf5 31. Rxf5 e4 32. Ke2 exd3+ 33. Kxd3 Be4+ 34. Kd2 Bxf5
35. Bf4 Nf6 36. Bg5 Ne4+ 37. Kc1 Nxg5 38. hxg5 Kxg5 39. Bb1 c4 40. Kd2 Kg4 41.
Re1 Rxe1 42. Kxe1 Kg3 43. Kf1 Be4 44. Kg1 h4 45. Kh1 Bxg2+ 46. Kg1 h3 47. b4 h2#
0-1

[Event "AUTO-ADV-1940"]
[Site "http://www.queenalice.com/game.php?id=847769"]
[Date "2010.10.18"]
[Round "1"]
[White "carlos31"]
[Black "windlazy"]
[Result "0-1"]
[WhiteElo "1895"]
[BlackElo "1854"]

1. e4 e5 2. Nf3 Nc6 3. Bb5 Nd4 4. Nxd4 exd4 5. Qf3 Nf6 6. O-O c6 7. Bc4 Qc7 8.
Re1 Bd6 9. g3 Be5 10. d3 d5 11. exd5 O-O 12. dxc6 Qxc6 13. Qxc6 bxc6 14. Nd2 Re8
15. Nf3 Bd6 16. Rxe8+ Nxe8 17. Nxd4 c5 18. Nb5 Bh3 19. Be3 Be7 20. Re1 a6 21.
Nc3 Nf6 22. Na4 Nd7 23. Bd5 Rd8 24. c4 Bd6 25. f4 Kf8 26. Kf2 Nf6 27. Bf3 Nd7
28. g4 Nf6 29. Kg3 Bxg4 30. Bxg4 g6 31. Bxc5 Nxg4 32. Bxd6+ Rxd6 33. Kxg4 Rxd3
34. c5 Kg7 35. b4 h6 36. Nb2 Rd2 37. Nc4 Rxa2 38. c6 Rc2 39. Re4 f5+ 40. Kf3
fxe4+ 41. Kxe4 Rxc4+ 42. Kd5 Rc1 43. Kd6 Kf6 44. c7 Kf5 45. Kd7 Kxf4 46. c8=Q
Rxc8 47. Kxc8 Ke5 48. Kb7 Kd6 49. Kxa6 Kc7 50. b5 Kb8 51. b6 g5 52. b7 g4 53.
Kb6 h5 54. Kc5 h4 55. Kd4 h3 56. Ke3 g3 57. hxg3 h2 58. Kf2 h1=Q 59. Ke3 Kxb7
0-1

[Event "AUTO-MASTER-1248"]
[Site "http://www.queenalice.com/game.php?id=847975"]
[Date "2010.10.19"]
[Round "1"]
[White "windlazy"]
[Black "Artking"]
[Result "1-0"]
[WhiteElo "1843"]
[BlackElo "1924"]

1. e4 c5 2. Nf3 d6 3. Bc4 Nc6 4. Nc3 e6 5. d4 cxd4 6. Nxd4 Bd7 7. Ndb5 Qb8 8.
Be3 a6 9. Nd4 Ne5 10. Bb3 Nf6 11. f3 Be7 12. Na4 b5 13. Nc3 O-O 14. a4 b4 15.
Na2 a5 16. Nc1 Nc6 17. Nd3 e5 18. Nb5 Bd8 19. Bg5 Nd4 20. Nxd4 exd4 21. Nf4 h6
22. Bxf6 Bxf6 23. Qd3 Bg5 24. Nd5 Qa7 25. Rd1 Be6 26. Qxd4 Qxd4 27. Rxd4 Bxd5
28. Rxd5 Rfd8 29. Ke2 Bf6 30. Rhd1 Ra6 31. Bc4 Rc6 32. b3 g5 33. Rxa5 Re8 34.
Ra7 Re7 35. Ra5 Kg7 36. Bd3 Be5 37. Rd5 Bxh2 38. Rb5 Rc5 39. Rxb4 f5 40. Kf2
fxe4 41. Rxe4 Be5 42. b4 Rc8 43. a5 d5 44. Re2 Bd4+ 45. Kf1 Rb7 46. b5 Rf7 47.
Re6 h5 48. Rg6+ Kf8 49. Rxg5 h4 50. Rxd5 Bc3 51. a6 h3 52. b6 h2 53. Rh5 Be5 54.
Kf2 Bd6 55. Rh8+ Kg7 56. Rxc8 1-0

[Event "AUTO-MASTER-1248"]
[Site "http://www.queenalice.com/game.php?id=847976"]
[Date "2010.10.19"]
[Round "1"]
[White "Artking"]
[Black "windlazy"]
[Result "1-0"]
[WhiteElo "2118"]
[BlackElo "1937"]

1. e4 e5 2. Nf3 Nc6 3. Bb5 Nd4 4. Ba4 Bd6 5. Nxd4 exd4 6. d3 b6 7. Nd2 Qg5 8.
Nf3 Qxg2 9. Rg1 Qh3 10. e5 Bf8 11. Bf4 Qf5 12. Qd2 a5 13. Rg5 Qxg5 14. Bxg5 Bb4
15. c3 dxc3 16. bxc3 Be7 17. Nd4 Bb7 18. Nf5 g6 19. Nxe7 Nxe7 20. Bf6 Rg8 21.
O-O-O Nd5 22. Re1 Nxf6 23. exf6+ Kd8 24. Re7 c6 25. Qe3 Rf8 26. Qxb6+ Kc8 27.
Rxd7 Kxd7 28. Qxb7+ Ke6 29. Qxc6+ Kf5 30. Qf3+ Ke5 31. d4+ Ke6 32. Qe4+ Kd6 33.
Qe5# 1-0

[Event "AUTO-MASTER-1248"]
[Site "http://www.queenalice.com/game.php?id=847977"]
[Date "2010.10.19"]
[Round "1"]
[White "windlazy"]
[Black "RafaelCabral"]
[Result "0-1"]
[WhiteElo "1911"]
[BlackElo "2070"]

1. d4 Nf6 2. Nc3 c6 3. e4 d6 4. Nf3 Qc7 5. Bd3 e5 6. dxe5 dxe5 7. O-O Bg4 8. h3
Bh5 9. Bg5 Nbd7 10. Qe2 Bc5 11. Bxf6 gxf6 12. Qd1 O-O-O 13. Be2 Rhg8 14. Nh4 Nf8
15. Qe1 Bxe2 16. Qxe2 Ng6 17. Nf5 Nf4 18. Qf3 Rxg2+ 19. Qxg2 Nxg2 20. Kxg2 Rg8+
21. Kh2 b5 22. a3 Kb7 23. b4 Bd4 24. Nxd4 exd4+ 0-1

[Event "AUTO-MASTER-1248"]
[Site "http://www.queenalice.com/game.php?id=847978"]
[Date "2010.10.19"]
[Round "1"]
[White "RafaelCabral"]
[Black "windlazy"]
[Result "0-1"]
[WhiteElo "2068"]
[BlackElo "1936"]

1. e4 e5 2. Nf3 Nc6 3. Bb5 Nd4 4. Nxd4 exd4 5. O-O Qe7 6. b3 Qe5 7. Bd3 Bd6 8.
f4 Qe6 9. e5 Bc5 10. f5 Qd5 11. Qe2 Ne7 12. f6 gxf6 13. exf6 b6 14. fxe7 Bb7 15.
Bc4 d3+ 16. Kh1 dxe2 0-1

[Event "AUTO-MASTER-1248"]
[Site "http://www.queenalice.com/game.php?id=847979"]
[Date "2010.10.19"]
[Round "1"]
[White "windlazy"]
[Black "Constante"]
[Result "0-1"]
[WhiteElo "1891"]
[BlackElo "2082"]

1. e4 c5 2. Nf3 d6 3. Bc4 Nc6 4. Ng5 e6 5. Qf3 Qxg5 6. Bb5 Bd7 7. O-O a6 8. Bxc6
Bxc6 9. d4 Qd8 10. Re1 Be7 11. d5 Bd7 12. c4 e5 13. Nc3 h6 14. Qg3 Bf6 15. f4
Qe7 16. f5 Rh7 17. a4 Bh4 18. Qe3 Bxe1 19. Qxe1 Nf6 20. a5 g5 21. fxg6 fxg6 22.
Na4 Bxa4 23. Rxa4 Qd7 24. b3 Qg4 25. b4 Nxe4 26. h3 Qf5 27. bxc5 Nxc5 28. Ra3
Rf7 29. Rf3 Qd7 30. Rxf7 Qxf7 31. Bxh6 Kd7 32. Be3 Rc8 33. Qb4 Ke8 34. Qb6 Qd7
35. Qb1 Qf5 36. Qe1 Nd3 37. Qc3 Qe4 38. Bf2 Rxc4 0-1

[Event "AUTO-MASTER-1248"]
[Site "http://www.queenalice.com/game.php?id=847980"]
[Date "2010.10.19"]
[Round "1"]
[White "Constante"]
[Black "windlazy"]
[Result "1-0"]
[WhiteElo "2073"]
[BlackElo "1900"]

1. e4 e5 2. Nf3 Nc6 3. d4 exd4 4. Nxd4 Nxd4 5. Qxd4 Nf6 6. Bc4 c6 7. Bg5 Be7 8.
O-O d5 9. Bd3 c5 10. Qe3 d4 11. Qd2 Qc7 12. Na3 O-O 13. Nb5 Qb6 14. Rfe1 Bd8 15.
e5 Nd5 16. Bxd8 Rxd8 17. Qg5 h6 18. Qg3 Be6 19. b3 a6 20. Na3 Ne7 21. Nc4 Bxc4
22. bxc4 Qe6 23. Qf3 Rd7 24. Rab1 Rb8 25. Be4 b6 26. a4 Qxc4 27. Rb3 Qxa4 28.
Reb1 b5 29. Ra3 Qc4 30. Rxa6 b4 31. Bd3 Qd5 32. Qg3 g6 33. e6 Rdb7 34. exf7+
Qxf7 35. Re1 Kg7 36. Rxe7 Rxe7 37. Rxg6+ Qxg6 38. Qxg6+ Kf8 39. Qf6+ 1-0

[Event "AUTO-ADV-1807"]
[Site "http://www.queenalice.com/game.php?id=853771"]
[Date "2010.11.2"]
[Round "2"]
[White "rafaelalves"]
[Black "windlazy"]
[Result "0-1"]
[WhiteElo "1770"]
[BlackElo "1825"]

1. d4 d5 2. e3 f5 3. Nf3 Nf6 4. Bd3 Nc6 5. O-O g6 6. c4 Nb4 7. cxd5 Nbxd5 8. Qc2
Bg7 9. Bb5+ Bd7 10. Bc4 Nb4 11. Bf7+ Kxf7 12. Qc4+ Nbd5 13. Nc3 c6 14. Ne5+ Ke8
15. Nxd5 Nxd5 16. f3 Bxe5 17. dxe5 Be6 18. Qh4 Qb6 19. Re1 Rd8 20. Kh1 Qb4 21.
f4 Qe4 22. b3 Kf7 23. Kg1 Nc3 24. Ba3 Rd7 25. Bc5 Bd5 26. Qf2 b6 27. Bb4 Nb5 28.
Qb2 e6 29. Qf2 Qxb4 30. Qh4 Qe7 31. Qf2 Be4 32. g3 Rd3 33. h3 Nc3 34. g4 h6 35.
a4 Qd8 36. a5 b5 37. b4 Rd2 38. Qg3 Rg2+ 39. Qxg2 Bxg2 40. Kxg2 Qd2+ 41. Kf1 Ne4
42. Re2 Ng3+ 0-1

[Event "AUTO-ADV-1807"]
[Site "http://www.queenalice.com/game.php?id=853772"]
[Date "2010.11.2"]
[Round "2"]
[White "windlazy"]
[Black "rafaelalves"]
[Result "0-1"]
[WhiteElo "1845"]
[BlackElo "1750"]

1. e4 e5 2. Nf3 d5 3. exd5 Qxd5 4. Nc3 Qc5 5. Bd3 Bd6 6. O-O Nf6 7. a4 O-O 8.
Ne4 Nxe4 9. Bxe4 f5 10. Ng5 fxe4 11. Nxe4 Qd5 12. d3 Bf5 13. Qf3 Bxe4 14. Qxe4
Qxe4 15. dxe4 Nc6 16. c3 Rad8 17. Be3 a6 18. g3 Be7 19. Rfd1 Rxd1+ 20. Rxd1 Rd8
21. Rxd8+ Bxd8 22. Kf1 Na5 23. Ke2 b6 24. Kd3 c5 25. b4 c4+ 26. Ke2 Nb3 27. f4
Bc7 28. f5 b5 29. a5 Kf7 30. g4 Bd8 31. g5 Na1 32. Kd1 g6 33. f6 Nb3 34. Kc2 Bc7
35. h3 Bd6 36. Bb6 Bb8 37. h4 h6 38. gxh6 Kxf6 39. Bd8+ Kf7 40. Bf6 Kxf6 41. h7
Kg7 0-1

[Event "AUTO-ADV-2037"]
[Site "http://www.queenalice.com/game.php?id=886004"]
[Date "2011.1.14"]
[Round "1"]
[White "bienopia"]
[Black "windlazy"]
[Result "0-1"]
[WhiteElo "1851"]
[BlackElo "1877"]

1. d4 d5 2. f4 f5 3. e3 Nf6 4. Bd3 g6 5. Nf3 Nc6 6. a3 Bg7 7. c3 e6 8. b4 Ne4 9.
Bxe4 dxe4 10. Ne5 Bxe5 11. fxe5 b6 12. Nd2 Ba6 13. Qb3 Kf7 14. g4 Qh4+ 15. Kd1
Qxg4+ 16. Kc2 Bd3+ 17. Kb2 Rhd8 18. Qd1 Qh3 19. Nb3 a5 20. Bd2 a4 21. Nc1 Bc4
22. Qe1 b5 23. Ne2 g5 24. Qf2 Nxe5 25. Nc1 Nf3 26. Be1 h5 27. Ne2 Kf6 28. Ng1
Nxg1 29. Rxg1 h4 30. Bd2 Rg8 31. Rg2 Rad8 32. Rag1 e5 33. Rg4 exd4 34. Rxe4 dxe3
35. Bxe3 Rd3 36. Bd4+ Kg6 37. Re7 Rxd4 38. Qxd4 Qxh2+ 39. Kc1 Bb3 40. Rxg5+ Kxg5
41. Qe3+ Qf4 42. Qxf4+ Kxf4 43. Rxc7 h3 44. Rh7 Kg3 45. Kd2 Kg2 46. Rh5 h2 0-1

[Event "AUTO-ADV-2037"]
[Site "http://www.queenalice.com/game.php?id=886005"]
[Date "2011.1.14"]
[Round "1"]
[White "windlazy"]
[Black "bienopia"]
[Result "0-1"]
[WhiteElo "1892"]
[BlackElo "1810"]

1. e4 a6 2. d4 h6 3. Nf3 c6 4. Bd3 d5 5. exd5 cxd5 6. Nc3 Bg4 7. O-O e6 8. Re1
Nc6 9. Be3 Bb4 10. a3 Ba5 11. h3 Bxf3 12. Qxf3 Nf6 13. Qg3 g5 14. Bd2 Bc7 15.
Qf3 Nxd4 16. Qd1 Qd6 17. g3 O-O-O 18. Be3 Nf5 19. Bxf5 exf5 20. Bd4 Rh7 21. Qf3
f4 22. g4 h5 23. Bxf6 Qxf6 24. gxh5 Qf5 25. Qg4 Qxg4+ 26. hxg4 f5 27. f3 d4 28.
Na4 b5 29. Nc5 a5 30. Rad1 Bb6 31. Ne6 Rg8 32. Nxd4 Rd8 33. c3 Rhd7 34. gxf5 Rh7
35. Kg2 Rxh5 36. Nxb5 Be3 37. Rxd8+ Kxd8 38. Nd6 Kc7 39. Nc4 Bc5 40. Nxa5 Rh7
41. Re5 Be7 42. Nb3 Bd6 43. Re6 Kd7 44. Nd4 Bc5 45. Rg6 Rh5 46. f6 Bxd4 47. cxd4
Ke6 48. a4 Kf7 49. Rg7+ Kxf6 50. Rb7 Ke6 51. a5 g4 52. a6 g3 53. a7 Ra5 54. b4
Ra2+ 55. Kh3 Rh2+ 56. Kg4 g2 57. Kxf4 g1=Q 58. Ke4 Qe1+ 59. Kf4 Rh4+ 60. Kg5
Qg3# 0-1

[Event "AUTO-ADV-2037"]
[Site "http://www.queenalice.com/game.php?id=886020"]
[Date "2011.1.14"]
[Round "1"]
[White "redkitten"]
[Black "windlazy"]
[Result "1-0"]
[WhiteElo "1894"]
[BlackElo "1873"]

1. e4 e5 2. Nf3 d6 3. Bc4 Nf6 4. Nc3 Nc6 5. d4 Bg4 6. dxe5 dxe5 7. Qxd8+ Rxd8 8.
Ng5 Rd7 9. O-O h6 10. Nxf7 Rxf7 11. Bxf7+ Kxf7 12. f4 Bd6 13. fxe5 Bxe5 14. Bf4
Bxc3 15. bxc3 Kg6 16. e5 Ne4 17. Rab1 b6 18. h3 Be6 19. Rf3 Bxa2 20. Rd1 Be6 21.
Re1 Ng5 22. Rg3 Kh7 23. Bxg5 hxg5 24. Rxg5 Kh6 25. Rg3 Rf8 26. Re4 Rf5 27. Rh4+
Rh5 28. Rxh5+ Kxh5 29. Rxg7 Bd5 30. Rxc7 Kg6 31. c4 Be4 32. Kf2 Kf5 33. g3 Kxe5
34. Ke3 Bh1 35. Rf7 Kd6 36. g4 Ke6 37. Rf2 Ne5 38. Kd4 Nc6+ 39. Kc3 Ne5 40. Kb4
a6 41. c5 bxc5+ 42. Kxc5 Bc6 43. Re2 Kf6 44. Rxe5 Kxe5 45. Kxc6 a5 46. Kb5 1-0

[Event "AUTO-ADV-2037"]
[Site "http://www.queenalice.com/game.php?id=886021"]
[Date "2011.1.14"]
[Round "1"]
[White "windlazy"]
[Black "redkitten"]
[Result "0-1"]
[WhiteElo "1872"]
[BlackElo "1908"]

1. e4 e5 2. Nf3 Nc6 3. Bb5 Nf6 4. Nc3 Bc5 5. O-O Ng4 6. Bxc6 dxc6 7. d3 Be6 8.
h3 h5 9. Ng5 Bd7 10. hxg4 hxg4 11. Qd2 g3 12. Nh3 Bxh3 13. gxh3 Qh4 14. Qg5 Qxh3
15. Qxe5+ Be7 16. Qxe7+ Kxe7 0-1

[Event "AUTO-ADV-2037"]
[Site "http://www.queenalice.com/game.php?id=886032"]
[Date "2011.1.14"]
[Round "1"]
[White "windlazy"]
[Black "nadigo"]
[Result "0-1"]
[WhiteElo "1838"]
[BlackElo "1992"]

1. e4 e5 2. Nf3 Nc6 3. Bb5 Nf6 4. O-O Bc5 5. Bxc6 dxc6 6. Nc3 O-O 7. d3 Re8 8.
Bg5 h6 9. Bh4 g5 10. Bg3 g4 11. Nh4 Nh5 12. Nf5 Bxf5 13. exf5 Nxg3 14. Qxg4+ Qg5
15. Qxg5+ hxg5 16. hxg3 Rad8 17. g4 Kg7 18. Ne4 Be7 19. g3 Rh8 20. Kg2 f6 21.
Rh1 Rd4 22. Rxh8 Kxh8 23. Kf3 Kg7 24. Ke2 Rb4 25. b3 Rd4 26. c4 Ba3 27. Ke3 b5
28. c5 a5 29. f3 a4 30. Nd2 Bxc5 31. Ke2 Bb4 32. Rc1 c5 33. bxa4 bxa4 34. Ne4
Rd5 35. Nc3 Rd8 36. Nxa4 Rh8 37. Nxc5 Rh2+ 38. Ke3 Bd2+ 39. Ke4 Bxc1 40. Ne6+
Kh6 41. Nxc7 Rxa2 42. Ne8 Ra4+ 43. Kd5 Ra6 44. d4 Bb2 45. dxe5 Bxe5 46. f4 gxf4
47. gxf4 Bxf4 48. Ke4 Kg5 49. Kf3 Ra3+ 50. Kf2 Ra7 51. Kf3 Be5 0-1

[Event "AUTO-ADV-2037"]
[Site "http://www.queenalice.com/game.php?id=886033"]
[Date "2011.1.14"]
[Round "1"]
[White "nadigo"]
[Black "windlazy"]
[Result "1-0"]
[WhiteElo "1973"]
[BlackElo "1814"]

1. e4 c5 2. Nc3 g6 3. d4 Bg7 4. dxc5 Bxc3+ 5. bxc3 Nc6 6. Bc4 Qa5 7. Qd3 Qxc5 8.
Be3 Qa5 9. Bxf7+ Kxf7 10. Qc4+ Ke8 11. Ne2 Nf6 12. O-O b5 13. Qc5 Nxe4 14. Qd5
Qa4 15. Bd4 Nf6 16. Bxf6 exf6 17. Nd4 Qc4 18. Rfe1+ Kf8 19. Qd6+ Kg7 20. Nb3 Ne5
21. Rxe5 fxe5 22. Qxe5+ Kh6 23. Qxh8 Bb7 24. Qd4 Bd5 25. Qe3+ g5 26. Rd1 Be6 27.
Qf3 Qg4 28. Qf6+ Kh5 29. f3 Qf5 30. g4+ Qxg4+ 31. fxg4+ Bxg4 32. Rd6 Be6 33.
Qf3+ g4 34. Qxa8 1-0

[Event "Challenge"]
[Site "http://www.queenalice.com/game.php?id=897029"]
[Date "2011.2.7"]
[Round "-"]
[White "windlazy"]
[Black "DNWheeler"]
[Result "1-0"]
[WhiteElo "1804"]
[BlackElo "2078"]

1. d4 Nf6 2. Nc3 e6 3. e4 Bb4 4. e5 Nd5 5. Ne2 c5 6. dxc5 Nxc3 7. Nxc3 Bxc5 8.
Bd3 Nc6 9. Qg4 Bd4 10. Qxg7 Bxe5 11. Qh6 Qf6 12. O-O Bxc3 13. bxc3 Qxh6 14. Bxh6
f5 15. Rae1 Kf7 16. f4 d5 17. Rf3 Bd7 18. Rg3 Rag8 19. Ree3 Rg6 20. Rxg6 hxg6
21. Bg5 a6 22. a3 b5 23. h3 Na5 24. Kf2 Nc4 25. Bxc4 bxc4 26. Ke2 Rb8 27. Kd2
Ba4 28. Kc1 Rb5 29. Bd8 Rc5 30. Kb2 Rc8 31. Ba5 Rg8 32. h4 Kf6 33. Re1 Rg7 34.
Kc1 Rd7 35. Rh1 d4 36. cxd4 Rxd4 37. Bc3 e5 38. fxe5+ Kxe5 39. Bxd4+ Kxd4 40.
Rh3 Ke4 41. Rg3 Be8 42. Kd2 f4 43. Rf3 Bd7 44. Rf2 Kf5 45. g3 Kg4 46. Rxf4+ Kxg3
47. Rxc4 Bb5 48. Rb4 Bf1 49. c4 Kxh4 50. c5+ Kh5 51. c6 Bb5 52. Rxb5+ 1-0

[Event "AUTO-ADV-1807"]
[Site "http://www.queenalice.com/game.php?id=908674"]
[Date "2011.3.5"]
[Round "3"]
[White "maurice91"]
[Black "windlazy"]
[Result "1-0"]
[WhiteElo "1863"]
[BlackElo "1839"]

1. d4 d5 2. c4 dxc4 3. Nc3 Bd7 4. e4 b5 5. a4 c6 6. axb5 cxb5 7. Be3 a5 8. d5 e5
9. Nf3 Bg4 10. Be2 Bxf3 11. Bxf3 Bb4 12. O-O Bxc3 13. bxc3 Nd7 14. Qb1 Qb8 15.
Qb2 Ne7 16. Rfb1 O-O 17. Qxb5 Qxb5 18. Rxb5 a4 19. Rb7 Rfd8 20. Ra3 Rdb8 21.
Rxb8+ Rxb8 22. h3 Ra8 23. Bd1 Nc8 24. Rxa4 Rxa4 25. Bxa4 Ndb6 26. Bb5 Kf8 27.
Bc5+ Kg8 28. d6 f6 29. d7 1-0

[Event "AUTO-ADV-1807"]
[Site "http://www.queenalice.com/game.php?id=908675"]
[Date "2011.3.5"]
[Round "3"]
[White "windlazy"]
[Black "maurice91"]
[Result "0-1"]
[WhiteElo "1831"]
[BlackElo "1815"]

1. e4 e5 2. Nf3 Nc6 3. Bb5 d6 4. c3 Bd7 5. d4 exd4 6. cxd4 a6 7. Ba4 Be7 8. Qb3
b5 9. Bxb5 axb5 10. Qxb5 Nxd4 11. Qd3 Nxf3+ 12. Qxf3 Nf6 13. Nc3 O-O 14. O-O Re8
15. a4 Bf8 16. Bg5 Be7 17. Nd5 Nxd5 18. Bxe7 Nxe7 19. a5 Ng6 20. a6 Bc6 21. Rfe1
Qc8 22. a7 Qb7 23. Qa3 Bxe4 24. f3 Qb6+ 25. Kh1 Bc6 26. Rxe8+ Bxe8 27. b4 d5 28.
h3 c6 29. Re1 f6 30. Rxe8+ Rxe8 31. a8=Q Rxa8 32. Qxa8+ Nf8 33. Kh2 Qb5 34. Kg3
Qc4 35. Qa3 d4 36. Kf2 Qc2+ 37. Ke1 d3 38. Qa1 Kh8 39. Qd1 Qc4 40. Qd2 h6 41. g3
Ne6 42. Kf2 Qd4+ 43. Kf1 c5 44. b5 c4 45. Qa2 Nc5 46. b6 d2 0-1

[Event "AUTO-ADV-1807"]
[Site "http://www.queenalice.com/game.php?id=908678"]
[Date "2011.3.5"]
[Round "3"]
[White "Sbilf"]
[Black "windlazy"]
[Result "1-0"]
[WhiteElo "1979"]
[BlackElo "1824"]

1. e4 c5 2. c3 e5 3. Nf3 Nc6 4. Bc4 Nf6 5. Ng5 d5 6. exd5 Nxd5 7. Nxf7 Kxf7 8.
Qf3+ Ke6 9. d4 cxd4 10. O-O Be7 11. Re1 Bf6 12. Bf4 Qd6 13. Na3 a6 14. Rad1 b5
15. cxd4 bxc4 16. Nxc4 Qd7 17. Bxe5 Nxe5 18. Nxe5 Bxe5 19. Rxe5+ Kd6 20. Rxd5+
Kc7 21. Rc1+ Kb8 22. Qf4+ Ka7 23. Rxd7+ 1-0

[Event "AUTO-ADV-1807"]
[Site "http://www.queenalice.com/game.php?id=908679"]
[Date "2011.3.5"]
[Round "3"]
[White "windlazy"]
[Black "Sbilf"]
[Result "1-0"]
[WhiteElo "1814"]
[BlackElo "2009"]

1. e4 e5 2. Nf3 Nc6 3. Bb5 a6 4. Bxc6 dxc6 5. Nc3 f6 6. O-O Bg4 7. d3 Bd6 8. h3
Bh5 9. Be3 Ne7 10. g4 Bf7 11. d4 O-O 12. dxe5 Bxe5 13. Nxe5 fxe5 14. Bg5 Qxd1
15. Raxd1 Ng6 16. Rd7 Rac8 17. Rfd1 h6 18. Be7 Nxe7 19. Rxe7 Rfe8 20. Rdd7 Rxe7
21. Rxe7 Kf8 22. Rxe5 Re8 23. Rxe8+ Kxe8 24. a4 Ke7 25. b4 Kd6 26. e5+ Kxe5 27.
Ne2 g5 28. f3 Bg6 29. c3 Bc2 30. a5 Bd1 31. Kf2 Bxe2 32. Kxe2 b6 33. Ke3 bxa5
34. bxa5 Kd5 35. f4 gxf4+ 36. Kxf4 Ke6 37. g5 h5 38. Ke4 c5 39. c4 c6 40. h4 Kf7
41. Ke5 1-0